MARC

LEADER 00000nam0a2200000 4500
001 71118
005 20231031082336.0
035 |a (RuTPU)RU\TPU\book\75699 
090 |a 71118 
100 |a 20041208d1970 k y0rusy50 ca 
101 0 |a rus 
102 |a RU 
105 |a a z 001zy 
200 1 |a Оценка железорудных месторождений при поисках и разведках  |f Всесоюзный научно-исследовательский институт минерального сырья 
210 |a Москва  |c Недра  |d 1970 
215 |a 415 с.  |c ил.  |e 1 л. карт 
320 |a Библиогр.: с. 401-412. 
610 1 |a железорудные месторождения 
610 1 |a поиски 
610 1 |a разведка 
610 1 |a геологическая классификация месторождений 
610 1 |a характеристики месторождений 
610 1 |a эксплуатация месторождений 
675 |a 553.31  |v 3 
712 0 2 |a Всесоюзный научно-исследовательский институт минерального сырья (ВИМС)  |2 stltpush  |3 (RuTPU)RU\TPU\col\18352 
801 1 |a RU  |b 63413507  |c 20041208  |g PSBO 
801 2 |a RU  |b 63413507  |c 20150203  |g PSBO 
900 |a Разведка и геолого-экономическая оценка МПИ 
942 |c BK